Tuyển chọn giống mía có năng suất, chất lượng cao thích hợp vùng mía tỉnh Đồng Nai

שמור ב:
מידע ביבליוגרפי
מחבר ראשי: Nguyễn, Đức Quang
מחברים אחרים: Lê, Thị Hiền
פורמט: ספר
שפה:Undetermined
נושאים:
גישה מקוונת:http://lrc.tdmu.edu.vn/opac/search/detail.asp?aID=2&ID=35546
תגים: הוספת תג
אין תגיות, היה/י הראשונ/ה לתייג את הרשומה!
Thư viện lưu trữ: Trung tâm Học liệu Trường Đại học Thủ Dầu Một
LEADER 00737nam a2200157Ia 4500
001 TDMU_35546
008 210410s9999 xx 000 0 und d
082 |a 301 
100 |a Nguyễn, Đức Quang 
245 0 |a Tuyển chọn giống mía có năng suất, chất lượng cao thích hợp vùng mía tỉnh Đồng Nai 
245 0 |c Nguyễn Đức Quang, Lê Thị Hiền 
300 |a Tr.84-89 
650 |a Nông - Lâm nghiệp; Đồng Nai; Chọn giống mía; Cây mía; Năng suất; Chất lượng 
700 |a Lê, Thị Hiền 
856 |u http://lrc.tdmu.edu.vn/opac/search/detail.asp?aID=2&ID=35546 
980 |a Trung tâm Học liệu Trường Đại học Thủ Dầu Một